| 000 | 00618nam a2200193Ia 4500 | ||
|---|---|---|---|
| 003 | GCL | ||
| 008 | 140319s9999 xx 000 0 ara d | ||
| 040 |
_aGCL / _cGCL |
||
| 082 | 0 | 4 |
_a219.3 _bم م |
| 100 | 1 | _aمحمد محمود الصواف | |
| 245 | 1 | 0 |
_aالمخططات الاستعمارية لمكافحة الاسلام / _cمحمد محمود الصواف |
| 260 |
_a[S.N] : _bدار الاعتصام ، _c1979 |
||
| 300 | _a271 ص | ||
| 490 | _a | ||
| 650 | 0 | 4 | _aالاسلام |
| 650 | 0 | 4 | _aدفع المطاعن عن الاسلام |
| 650 | 0 | 4 | _aالاسلام والاستعمار |
| 942 |
_2ddc _cBK |
||
| 999 |
_c29805 _d29805 |
||